000 00814nam a22002777a 4500
650 0 _aAmerican fiction
_973466
999 _c200426041
_d43965
003 TR-AnTOB
005 20220309193428.0
008 170224s2000 xxu||||| |||| 00| 0 tur d
020 _a0575402490
040 _aTR-AnTOB
_beng
_cTR-AnTOB
_erda
041 _aeng
050 _aPS3553.A7646
_bM37 2000
090 _aPS3553.A7646
_bM37 2000
100 _aCarroll, Jonathan,
_d1949-
_9116938
245 _aThe marriage of sticks
_cJonathan Carroll.
264 _aLondon
_bIndigo
_c2000
300 _a282 pages.
_c 20 cm
336 _2rdacontent
_atext
337 _2rdamedia
_aunmediated
338 _2rdacarrier
_avolume
500 _aOriginally published: London: Gollancz, 1999.
650 0 _aAmerikan romanı
_934007
942 _2lcc
_cBK